000 00456nam a2200169Ia 4500
003 GCL
008 140319s9999 xx 000 0 eng d
040 _aGCL /
_cGCL
082 0 4 _a612.87
_bS T
100 1 _aSHALLENBERGER, ROBERT S
245 1 0 _aTASTE CHEMISTSY /
_cSHALLENBERGER, ROBERT S
260 _a[S.N] :
_bBLACKIE ACADEMIC & PROFESSIONAL ،
_c1992
300 _a613 P
650 0 4 _aPHYSIOLOGICAL ASPECTS
650 0 4 _aTASTE
942 _2ddc
_cBK
999 _c24127
_d24127